00933cam a22002775a 450000100100000000500170001000800410002702000150006802000180008304000260010104300120012708200250013910000270016424500590019126000330025030000290028350000200031265000440033265000480037665100360042465300210046069000440048194200080052599900170053395201050055000811252220180621120235.0850729s1984 enka fr 001 0 eng d a085038771X a9780850387711 aUkcUkbengdEG-ScBUE ae-uk---04a658.8480941222bDES1 aDeschampsneufs, Henry.10aExport for the small business /cHenry Deschampsneufs. aLondon :bKogan Page,c1984. a184 p. :bill. ;c23 cm. aIncludes index. 7aExport marketingzGreat Britain.2BUEsh 7aSmall businesszGreat Britain2BUEsh929545 7aGreat BritainxCommerce.2BUEsh bBUSADMcJune20187 aManagement and Business Studies2blcoll 2ddc c26797d26769 00102ddc4070aMAINbMAINc1STd2018-06-21l0o658.8480941 DESp000047832r2025-07-15 00:00:00yBB